Catálogo

Psicología para bachillerato / (Registro nro. 38274)

Detalles MARC
000 -LEADER
fixed length control field 01235cam a2200301 i 4500
001 - CONTROL NUMBER
control field 38274
003 - CONTROL NUMBER IDENTIFIER
control field Mx-PuUPA
005 - DATE AND TIME OF LATEST TRANSACTION
control field 20240410103802.0
008 - FIXED-LENGTH DATA ELEMENTS--GENERAL INFORMATION
fixed length control field 140415s2012 mx a dr 001 0 spa d
020 ## - INTERNATIONAL STANDARD BOOK NUMBER
International Standard Book Number 9786071506894
040 ## - CATALOGING SOURCE
Transcribing agency Mx-PuUPA
Original cataloging agency Mx-PuUPA
Language of cataloging spa
Modifying agency Mx-PuUPA
Description conventions rda
041 1# - LANGUAGE CODE
Language code of text/sound track or separate title spa
Language code of original eng
100 1# - MAIN ENTRY--PERSONAL NAME
Personal name Feldman, Robert S.,
Fuller form of name (Robert Stephen),
Dates associated with a name 1947-
9 (RLIN) 11023
Relator term autor
240 10 - UNIFORM TITLE
Uniform title Essentials of understanding psychology.
Language of a work Español
245 10 - TITLE STATEMENT
Title Psicología para bachillerato /
Statement of responsibility, etc. Robert S. Felman ; adaptación, María Elena Ortiz Salinas ; traducción, José Luis Núñez Herrejón y Enrique Palos Báez
250 ## - EDITION STATEMENT
Edition statement Primera edición
264 #1 - PRODUCTION, PUBLICATION, DISTRIBUTION, MANUFACTURE, AND COPYRIGHT NOTICE
Place of production, publication, distribution, manufacture México, D.F. :
Name of producer, publisher, distributor, manufacturer McGraw-Hill / Interamericana Editores,
Date of production, publication, distribution, manufacture, or copyright notice 2012
300 ## - PHYSICAL DESCRIPTION
Extent 1 volumen (paginación varía) :
Other physical details ilustraciones ;
Dimensions 27 cm
336 ## - CONTENT TYPE
Fuente rdacontent
Content type term texto
Content type code txt
337 ## - MEDIA TYPE
Source rdamedia
Media type term sin medio
Media type code n
338 ## - CARRIER TYPE
Source rdacarrier
Carrier type term volumen
Carrier type code nc
650 #7 - SUBJECT ADDED ENTRY--TOPICAL TERM
Source of heading or term armarc
Topical term or geographic name entry element Psicología
650 #7 - SUBJECT ADDED ENTRY--TOPICAL TERM
Source of heading or term armarc
Topical term or geographic name entry element Psicología
General subdivision Libros de texto
765 0# - ORIGINAL LANGUAGE ENTRY
Main entry heading Feldman, Robert S., (Robert Stephen), 1947-
Edition Octava edición
Title Essentials of understanding psychology.
International Standard Book Number 9780073370200
942 ## - ADDED ENTRY ELEMENTS (KOHA)
Source of classification or shelving scheme Dewey Decimal Classification
Koha item type Libro
Classification part 150
Item part F35
Existencias
Withdrawn status Lost status Source of classification or shelving scheme Damaged status Not for loan Collection code Home library Current library Shelving location Date acquired Total Checkouts Full call number Barcode Date last seen Price effective from Koha item type
    Dewey Decimal Classification     General Angelópolis Angelópolis Sala general 26/02/2024   150 F35 2012 965000000199 26/02/2024 26/02/2024 Libro